书目信息 |
| 题名: |
海底构造
|
|
| 作者: | 梁元博 编著 | |
| 分册: | ||
| 出版信息: | 北京 科学出版社 1983 |
|
| 页数: | 206页 | |
| 开本: | 25cm | |
| 丛书名: | ||
| 单 册: | ||
| 中图分类: | P736 | |
| 科图分类: | ||
| 主题词: | 海底-地质构造 , 地质构造-海底 | |
| 电子资源: | ||
| ISBN: | ||
| 000 | 00603nam0 2200241 45 | |
| 001 | 0183006186 | |
| 005 | 20061123103807.31 | |
| 010 | @dCNY2.15 | |
| 091 | @aCN@b13031.2450 | |
| 100 | @a19950525d1983 em y0chiy0121 ea | |
| 101 | 0 | @achi |
| 102 | @aCN@b110000 | |
| 105 | @ay z 000yy | |
| 200 | 10 | @a海底构造@Ahai di gou zao@f梁元博编著 |
| 210 | @a北京@c科学出版社@d1983 | |
| 215 | @a206页@d25cm | |
| 606 | @a海底-地质构造 | |
| 606 | @a地质构造-海底 | |
| 690 | @aP736@v3 | |
| 701 | 0 | @a梁元博@Aliang yuan bo@4编著 |
| 801 | 2 | @aCN@bNLC@c20061123 |
| 801 | 0 | @aCN@bTSSF |
| 905 | @a10447@dP736@e25 | |
| 海底构造/梁元博编著.-北京:科学出版社,1983 |
| 206页;25cm |
| ISBN :CNY2.15 |
| ● |
| 相关链接 |
|
|
|
|
正题名:海底构造
索取号:P736/25
 
预约/预借
| 序号 | 登录号 | 条形码 | 馆藏地/架位号 | 状态 | 备注 |
| 1 | 0244994 | 202122498 | 第二样本阅览室/ [索取号:P736/25] | 在馆 |